000 00295nam a2200109Ia 4500
005 20251222143302.0
008 251222s9999||||xx |||||||||||||| ||spa||
082 _a370.19/R31
245 0 _aLa Educación y sus Máscaras:
264 _bReal Academia de Ciencias Morales y Políticas
942 _cLIB
999 _c15374
_d15374